Úprava autorského práva v preferenčních obchodních dohodách: srovnání úpravy v dohodách EU-Jižní Korea a USA-Jižní Korea v souvislosti s jednáním o dohodě TTIP
Autorské právo ako nástroj obchodnej politiky. Dohody o voľnom obchode medzi EÚ a Južnou Kóreou, USA a Južnou Kóreou a rokovania o dohode medzi EÚ a USA.
Saved in:
| Main Author: | |
|---|---|
| Format: | Book Chapter |
| Language: | Czech |
| Subjects: | |
| Tags: |
No Tags, Be the first to tag this record!
|
MARC
| LEADER | 00000naa a2200000 4500 | ||
|---|---|---|---|
| 001 | 0205631 | ||
| 005 | 20220713131338.0 | ||
| 041 | 0 | |a cze | |
| 044 | |a CZ | ||
| 245 | 1 | 0 | |a Úprava autorského práva v preferenčních obchodních dohodách: srovnání úpravy v dohodách EU-Jižní Korea a USA-Jižní Korea v souvislosti s jednáním o dohodě TTIP |c Kamila Trojanová |
| 520 | |a Autorské právo ako nástroj obchodnej politiky. Dohody o voľnom obchode medzi EÚ a Južnou Kóreou, USA a Južnou Kóreou a rokovania o dohode medzi EÚ a USA. | ||
| 610 | 2 | 0 | |a dohody obchodné |
| 610 | 2 | 0 | |a Južná Kórea |
| 610 | 2 | 0 | |a USA |
| 610 | 2 | 0 | |a Európska únia |
| 610 | 2 | 0 | |a právo autorské |
| 100 | 1 | |a Trojanová, Kamila | |